Understanding public policy theories and issues

Saved in:
Bibliographic Details
Main Author: Cairney, Paul
Format: Book
Language:English
Published: Basingstoke Palgrave Macmillan 2012
Subjects:
Tags: Add Tag
No Tags, Be the first to tag this record!

MARC

LEADER 00000nam a2200000 4500
001 0186410
005 20240312120055.3
041 0 |a eng 
044 |a GB 
245 1 0 |a Understanding public policy  |b theories and issues  |c Paul Cairney 
264 1 |a Basingstoke  |b Palgrave Macmillan  |c 2012 
300 |a 327 s. 
610 2 0 |a politika verejná 
610 2 0 |a teórie ekonomické 
610 2 0 |a inštitúcie verejnoprávne 
610 2 0 |a inštitucionalizmus 
610 2 0 |a správa verejná 
100 1 |a Cairney, Paul